[Event "SB-2016-0-00462"]
[Site "LSS email"]
[Date "2016.09.01"]
[Round "?"]
[White "Gorra, Gorban Grigorii"]
[Black "Schubert, Steffen"]
[Result "1/2-1/2"]
[WhiteElo "1941"]
[BlackElo "1983"]
[PlyCount "40"]
[EventDate "2016.08.06"]
[EventType "tourn (corr)"]
[EventRounds "6"]
[EventCountry "GER"]
[SourceTitle "Corr 2022"]
[Source "ChessBase"]
[SourceDate "2021.10.24"]
[SourceVersion "1"]
[SourceVersionDate "2021.10.24"]
[SourceQuality "1"]

1. e4 e5 2. Nf3 Nf6 3. Nxe5 d6 4. Nf3 Nxe4 5. d4 d5 6. Bd3 Be7 7. 0-0 Nc6 8. c4 Nb4 9. Be2 0-0 10. Nc3 Be6 11. Ne5 f6 12. Nf3 f5 13. a3 Nc6 14. Nxd5 Bxd5 15. cxd5 Qxd5 16. Bf4 Bf6 17. Rc1 b5 18. a4 a6 19. Bxc7 Nxd4 20. Nxd4 Qxd4 1/2-1/2

[Event "BI-2016-F-0000"]
[Site "LSS email"]
[Date "2016.02.14"]
[Round "?"]
[White "Csernus, Robert"]
[Black "Gorra, Gorban Grigorii"]
[Result "1/2-1/2"]
[WhiteElo "1739"]
[BlackElo "1918"]
[PlyCount "71"]
[EventDate "2016.02.20"]
[EventType "tourn (corr)"]
[EventRounds "10"]
[EventCountry "GER"]
[SourceTitle "Corr 2022"]
[Source "ChessBase"]
[SourceDate "2021.10.24"]
[SourceVersion "1"]
[SourceVersionDate "2021.10.24"]
[SourceQuality "1"]

1. Nf3 Nf6 2. c4 d6 3. d4 Nbd7 4. Nc3 c6 5. e4 e5 6. Be2 Be7 7. 0-0 0-0 8. Qc2 Re8 9. Rd1 Qc7 10. Bg5 a5 11. h3 h6 12. Be3 exd4 13. Nxd4 Nc5 14. Nb3 Bf8 15. Nxc5 dxc5 16. f4 Bf5 17. Bd3 Bxe4 18. Nxe4 Nxe4 19. Bxe4 f5 20. Bxf5 Rxe3 21. Qf2 Re7 22. Rd2 Rd8 23. Rad1 Rxd2 24. Qxd2 Re8 25. b3 Qf7 26. Qd3 Qf6 27. Bd7 Rb8 28. Qe4 Rd8 29. Qe6+ Qf7 30. g3 Be7 31. Qe1 Kh8 32. Kg2 a4 33. Bg4 Rxd1 34. Qxd1 axb3 35. axb3 g5 36. Qa1+ 1/2-1/2

[Event "BI-2016-F-0000"]
[Site "LSS email"]
[Date "2016.02.14"]
[Round "?"]
[White "Gorra, Gorban Grigorii"]
[Black "Henke, Simon"]
[Result "1-0"]
[WhiteElo "1918"]
[BlackElo "1500"]
[PlyCount "45"]
[EventDate "2016.02.20"]
[EventType "tourn (corr)"]
[EventRounds "10"]
[EventCountry "GER"]
[SourceTitle "Corr 2022"]
[Source "ChessBase"]
[SourceDate "2021.10.24"]
[SourceVersion "1"]
[SourceVersionDate "2021.10.24"]
[SourceQuality "1"]

1. e4 c5 2. Nf3 e6 3. d3 Nc6 4. g3 g6 5. Bg2 Bg7 6. 0-0 e5 7. Be3 d6 8. c3 Nge7 9. Na3 0-0 10. d4 exd4 11. cxd4 b6 12. Qd2 f5 13. exf5 Nxf5 14. Ng5 Nxe3 15. Qxe3 Nxd4 16. Bxa8 d5 17. Rad1 Ba6 18. Bc6 Qd6 19. Rxd4 Bxd4 20. Qe6+ Qxe6 21. Nxe6 Bxf1 22. Nxf8 Bh3 23. Nd7 1-0

[Event "BI-2016-F-0000"]
[Site "LSS email"]
[Date "2016.02.14"]
[Round "?"]
[White "Neumann, Ulrich"]
[Black "Gorra, Gorban Grigorii"]
[Result "0-1"]
[WhiteElo "1810"]
[BlackElo "1918"]
[PlyCount "78"]
[EventDate "2016.02.20"]
[EventType "tourn (corr)"]
[EventRounds "10"]
[EventCountry "GER"]
[SourceTitle "Corr 2022"]
[Source "ChessBase"]
[SourceDate "2021.10.24"]
[SourceVersion "1"]
[SourceVersionDate "2021.10.24"]
[SourceQuality "1"]

1. e4 d6 2. d4 Nf6 3. Nc3 g6 4. f4 Bg7 5. Nf3 0-0 6. Bd3 Nc6 7. e5 dxe5 8. fxe5 Nh5 9. Be3 Bg4 10. Be2 f6 11. exf6 exf6 12. 0-0 f5 13. Qd2 Qd6 14. Nb5 Qd7 15. d5 Bxf3 16. Rxf3 Ne5 17. Rff1 a6 18. Nc3 Nf6 19. Bc5 Rfe8 20. Rad1 Neg4 21. Qd3 b6 22. Bd4 Qd6 23. Qh3 h5 24. a3 Bh6 25. Kh1 Ne3 26. Bxe3 Rxe3 27. Qh4 Rae8 28. Bf3 Bg7 29. Rde1 Ng4 30. Bxg4 hxg4 31. Rxe3 Rxe3 32. Qf2 Bd4 33. Qd2 Qe5 34. Nd1 Re2 35. Qd3 b5 36. c3 Bc5 37. Qg3 Qe4 38. c4 Bd6 39. Nc3 Qc2 0-1

[Event "SB-2015-0-00426"]
[Site "LSS email"]
[Date "2015.10.15"]
[Round "?"]
[White "Gorra, Gorban Grigorii"]
[Black "Stancl, Vladimir"]
[Result "1-0"]
[WhiteElo "1888"]
[BlackElo "1977"]
[PlyCount "73"]
[EventDate "2015.09.04"]
[EventType "tourn (corr)"]
[EventRounds "6"]
[EventCountry "GER"]
[SourceTitle "Corr 2022"]
[Source "ChessBase"]
[SourceDate "2021.10.24"]
[SourceVersion "1"]
[SourceVersionDate "2021.10.24"]
[SourceQuality "1"]

1. e4 c5 2. Nf3 d6 3. Bb5+ Bd7 4. Bxd7+ Qxd7 5. c4 Nc6 6. Nc3 Nf6 7. 0-0 g6 8. d4 cxd4 9. Nxd4 Bg7 10. Nde2 0-0 11. f3 a6 12. a4 Qc7 13. Kh1 e6 14. Bg5 Nd7 15. b3 Nc5 16. Rb1 Rac8 17. Bh4 Rfe8 18. Bg3 Be5 19. Bh4 Kh8 20. Qc2 f5 21. exf5 gxf5 22. Rfd1 Nb4 23. Qd2 Qg7 24. f4 Bf6 25. Bxf6 Qxf6 26. a5 Rcd8 27. Qe3 e5 28. Qh3 Qg7 29. Rf1 Nbd3 30. b4 Nxf4 31. Nxf4 exf4 32. bxc5 Re3 33. Qxf5 Rg8 34. Rg1 Rxc3 35. cxd6 Rxc4 36. Rbd1 Rd4 37. Qb1 1-0

[Event "SB-2015-0-00426"]
[Site "LSS email"]
[Date "2015.10.15"]
[Round "?"]
[White "Sitorus, Yosua"]
[Black "Gorra, Gorban Grigorii"]
[Result "1/2-1/2"]
[WhiteElo "2055"]
[BlackElo "1888"]
[PlyCount "28"]
[EventDate "2015.09.04"]
[EventType "tourn (corr)"]
[EventRounds "6"]
[EventCountry "GER"]
[SourceTitle "Corr 2022"]
[Source "ChessBase"]
[SourceDate "2021.10.24"]
[SourceVersion "1"]
[SourceVersionDate "2021.10.24"]
[SourceQuality "1"]

1. c4 e5 2. Nc3 Bb4 3. Nf3 Bxc3 4. bxc3 d6 5. d4 e4 6. Nd2 Nf6 7. Qc2 Bf5 8. Nb3 0-0 9. Bg5 h6 10. Bh4 g5 11. Bg3 Bg6 12. e3 Nh5 13. Be2 f5 14. Bxh5 Bxh5 1/2-1/2

[Event "SB-2015-0-00426"]
[Site "LSS email"]
[Date "2015.10.13"]
[Round "?"]
[White "Kolanek, Roman"]
[Black "Gorra, Gorban Grigorii"]
[Result "1-0"]
[WhiteElo "2111"]
[BlackElo "1888"]
[PlyCount "57"]
[EventDate "2015.09.04"]
[EventType "tourn (corr)"]
[EventRounds "6"]
[EventCountry "GER"]
[SourceTitle "Corr 2022"]
[Source "ChessBase"]
[SourceDate "2021.10.24"]
[SourceVersion "1"]
[SourceVersionDate "2021.10.24"]
[SourceQuality "1"]

1. d4 d5 2. c4 c6 3. Nf3 Nf6 4. e3 a6 5. Nbd2 b5 6. b3 Bg4 7. h3 Bxf3 8. Nxf3 e6 9. c5 a5 10. Bd3 Nbd7 11. a4 b4 12. Bb2 Ne4 13. Bxe4 dxe4 14. Nd2 f5 15. Nc4 Be7 16. Qh5+ Kf8 17. Qe2 h5 18. 0-0-0 Nf6 19. g4 Qe8 20. f3 h4 21. gxf5 exf5 22. Rhg1 Kg8 23. Qg2 Rh7 24. Qg5 Qh5 25. fxe4 Qxg5 26. Rxg5 Nxe4 27. Rxf5 Bf6 28. Kc2 Ra6 29. d5 1-0

[Event "CP-2015-P-00031"]
[Site "LSS email"]
[Date "2015.09.28"]
[Round "?"]
[White "Martucci, Massimo"]
[Black "Gorra, Gorban Grigorii"]
[Result "1/2-1/2"]
[WhiteElo "2205"]
[BlackElo "1910"]
[PlyCount "90"]
[EventDate "2015.10.01"]
[EventType "tourn (corr)"]
[EventRounds "6"]
[EventCountry "GER"]
[SourceTitle "Corr 2022"]
[Source "ChessBase"]
[SourceDate "2021.10.24"]
[SourceVersion "1"]
[SourceVersionDate "2021.10.24"]
[SourceQuality "1"]

1. e4 e5 2. Nf3 Nc6 3. Bb5 a6 4. Ba4 Nf6 5. 0-0 Be7 6. Re1 b5 7. Bb3 d6 8. c3 0-0 9. h3 Na5 10. Bc2 c5 11. d4 Qc7 12. Nbd2 cxd4 13. cxd4 Nc6 14. Nb3 a5 15. Be3 a4 16. Nbd2 Bd7 17. Rc1 Qb7 18. Qe2 Rfc8 19. Bd3 Ne8 20. Bxb5 Nxd4 21. Nxd4 Rxc1 22. Rxc1 exd4 23. Bxd7 dxe3 24. Bc6 exd2 25. Qxd2 Qa6 26. Bxa8 Qxa8 27. Rc4 Bf6 28. Qb4 g6 29. Qb5 Qd8 30. g3 Kg7 31. Rxa4 h5 32. h4 Be5 33. Kg2 Nc7 34. Qb7 Ne6 35. Ra8 Qf6 36. Qc8 Kh6 37. b4 Bd4 38. Qc2 Kg7 39. Ra5 Nc7 40. Ra3 d5 41. exd5 Nxd5 42. b5 Qe5 43. Rf3 f5 44. Kf1 Nf6 45. Qc4 Bb6 1/2-1/2

[Event "BI-2015-P-0000"]
[Site "LSS email"]
[Date "2015.04.16"]
[Round "?"]
[White "Gorra, Gorban Grigorii"]
[Black "Oliveira, Marcio B"]
[Result "1/2-1/2"]
[WhiteElo "1875"]
[BlackElo "2335"]
[PlyCount "51"]
[EventDate "2015.04.22"]
[EventType "tourn (corr)"]
[EventRounds "10"]
[EventCountry "GER"]
[SourceTitle "Corr 2022"]
[Source "ChessBase"]
[SourceDate "2021.10.24"]
[SourceVersion "1"]
[SourceVersionDate "2021.10.24"]
[SourceQuality "1"]

1. e4 g6 2. d4 Bg7 3. Nc3 d6 4. Be3 c6 5. Qd2 Nf6 6. Nf3 0-0 7. Bh6 Bg4 8. Bxg7 Kxg7 9. Ng5 h6 10. h3 Bc8 11. Nf3 Qa5 12. a3 Nbd7 13. Be2 e5 14. 0-0 Qb6 15. Rfd1 exd4 16. Nxd4 Nc5 17. f3 d5 18. exd5 cxd5 19. Bf1 Bd7 20. a4 a6 21. a5 Qc7 22. Nde2 Bc6 23. Nf4 Rad8 24. Qd4 Ne6 25. Nxe6+ fxe6 26. Re1 1/2-1/2

[Event "BI-2015-P-0000"]
[Site "LSS email"]
[Date "2015.04.16"]
[Round "?"]
[White "Gorra, Gorban Grigorii"]
[Black "Van Hooff, Ruud"]
[Result "0-1"]
[WhiteElo "1875"]
[BlackElo "2269"]
[PlyCount "104"]
[EventDate "2015.04.22"]
[EventType "tourn (corr)"]
[EventRounds "10"]
[EventCountry "GER"]
[SourceTitle "Corr 2022"]
[Source "ChessBase"]
[SourceDate "2021.10.24"]
[SourceVersion "1"]
[SourceVersionDate "2021.10.24"]
[SourceQuality "1"]

1. e4 c6 2. d4 d5 3. e5 Bf5 4. Nf3 e6 5. Be2 c5 6. Be3 cxd4 7. Nxd4 Ne7 8. c4 Nbc6 9. Qa4 a6 10. Nc3 dxc4 11. 0-0-0 Qa5 12. Nxf5 Nxf5 13. Qxa5 Nxa5 14. Bb6 Nc6 15. f4 Rc8 16. g4 Nh4 17. Rhf1 h5 18. g5 Nb8 19. Kb1 Nd7 20. Bf2 Nf5 21. Bf3 Nc5 22. Rd2 Rb8 23. Ne4 Nd3 24. Ba7 Rc8 25. Be2 Nc5 26. Bf3 Nd3 27. Be2 Nb4 28. Nc3 b5 29. a3 Nc6 30. Bb6 Rb8 31. Bf2 b4 32. axb4 Bxb4 33. Kc2 Na5 34. Rdd1 g6 35. Ne4 Be7 36. Ng3 Nxg3 37. hxg3 Bb4 38. Ra1 0-0 39. Rfd1 Rfc8 40. Ra4 Nc6 41. Rxa6 Bf8 42. Rb6 Nb4+ 43. Kd2 Ra8 44. Ke1 c3 45. bxc3 Rxc3 46. Kf1 Rc2 47. Be1 Nd5 48. Rb3 h4 49. gxh4 Ra4 50. Bf3 Rxf4 51. Bg3 Rf5 52. Rbd3 Nc3 0-1

[Event "BI-2015-F-0000"]
[Site "LSS email"]
[Date "2015.02.12"]
[Round "?"]
[White "Barrilete, Petaca"]
[Black "Gorra, Gorban Grigorii"]
[Result "0-1"]
[WhiteElo "1470"]
[BlackElo "1881"]
[PlyCount "124"]
[EventDate "2015.02.11"]
[EventType "tourn (corr)"]
[EventRounds "10"]
[EventCountry "GER"]
[SourceTitle "Corr 2022"]
[Source "ChessBase"]
[SourceDate "2021.10.24"]
[SourceVersion "1"]
[SourceVersionDate "2021.10.24"]
[SourceQuality "1"]

1. d4 d6 2. e4 Nf6 3. Nc3 Nbd7 4. Nf3 e5 5. Bc4 Be7 6. 0-0 0-0 7. Re1 c6 8. a4 a5 9. h3 Nb6 10. Bd3 Nfd7 11. Be3 Re8 12. d5 Nf6 13. Be2 cxd5 14. exd5 Bd7 15. Bb5 Bxb5 16. axb5 Nfd7 17. Qd3 g6 18. Qe2 Qc7 19. Ra2 Nc4 20. Nd2 Nxe3 21. Qxe3 f5 22. Nb3 Nb6 23. Rxa5 Nc4 24. Rxa8 Rxa8 25. Qc1 Rc8 26. Na4 Bf6 27. Rd1 Qg7 28. Rf1 e4 29. Qe1 Qf7 30. Nd2 Nxb2 31. Nxb2 Bxb2 32. c4 Qf6 33. Qe3 Bd4 34. Qe2 Bb6 35. Nb1 Qe5 36. Re1 Ra8 37. Rf1 Ra4 38. Rd1 Kg7 39. Kh1 Rb4 40. Na3 Rb2 41. Nc2 Qc3 42. Rc1 Qd3 43. Qxd3 exd3 44. Ne3 Rxf2 45. Nf1 d2 46. Rd1 Ba5 47. Kg1 Re2 48. Nxd2 Rxd2 49. Rc1 Bb6+ 50. Kh1 Bd4 51. b6 Kf7 52. g3 Be5 53. g4 f4 54. Rf1 Kf6 55. Rf3 Kg5 56. Kg1 Bd4+ 57. Kf1 Be3 58. Ke1 Rc2 59. Kd1 Rxc4 60. Ke2 Rc2+ 61. Kd3 Rf2 62. Rxe3 fxe3 0-1

[Event "SC-2014-0-00247"]
[Site "LSS email"]
[Date "2014.12.02"]
[Round "?"]
[White "Soreghy, Janos"]
[Black "Gorra, Gorban Grigorii"]
[Result "1/2-1/2"]
[WhiteElo "1690"]
[BlackElo "1876"]
[PlyCount "139"]
[EventDate "2014.11.09"]
[EventType "tourn (corr)"]
[EventRounds "6"]
[EventCountry "GER"]
[SourceTitle "Corr 2022"]
[Source "ChessBase"]
[SourceDate "2021.10.24"]
[SourceVersion "1"]
[SourceVersionDate "2021.10.24"]
[SourceQuality "1"]

1. c4 e5 2. Nc3 Bb4 3. Nd5 a5 4. a3 Be7 5. d4 d6 6. Nf3 e4 7. Ng5 c6 8. Nxe7 Nxe7 9. Nxe4 0-0 10. Bf4 d5 11. Nd6 Ng6 12. Qd2 dxc4 13. Nxc4 Be6 14. Nd6 Nxf4 15. Qxf4 Qb6 16. 0-0-0 Nd7 17. e4 Nf6 18. e5 Ne8 19. Ne4 Rd8 20. Rd2 Bd5 21. Bd3 g6 22. Re1 Bxe4 23. Rxe4 Ng7 24. Bc4 Qa7 25. e6 fxe6 26. Rxe6 Kh8 27. Rf6 Rxf6 28. Qxf6 Qb8 29. Qe5 b6 30. Qxb8 Rxb8 31. d5 cxd5 32. Bxd5 Nf5 33. Be4 Re8 34. Bf3 Rf8 35. Kd1 Kg7 36. Rd7+ Rf7 37. Rxf7+ Kxf7 38. Kd2 Kf6 39. Kd3 Ke5 40. Be4 Nd6 41. f3 Ne8 42. g3 Nf6 43. f4+ Kd6 44. Kd4 Nh5 45. f5 g5 46. Bf3 Nf6 47. g4 Ne8 48. h3 Nc7 49. Bb7 Ne8 50. Bf3 Nc7 51. Bb7 Ne8 52. Bd5 h6 53. Bf3 Nf6 54. Kc4 Ne8 55. Kb5 Kc7 56. Kc4 Kd6 57. Kb5 Kc7 58. a4 Nd6+ 59. Ka6 Ne8 60. b3 Nf6 61. Kb5 Nd7 62. Bd5 Nf6 63. Bf7 Kb7 64. Bc4 Kc7 65. Be2 Ne8 66. Kc4 Kd6 67. Kd4 Nf6 68. Bf3 Ne8 69. Be2 Nf6 70. Bf3 1/2-1/2

[Event "SC-2014-0-00247"]
[Site "LSS email"]
[Date "2014.12.01"]
[Round "?"]
[White "Owens, Johnny"]
[Black "Gorra, Gorban Grigorii"]
[Result "0-1"]
[WhiteElo "1792"]
[BlackElo "1876"]
[PlyCount "92"]
[EventDate "2014.11.09"]
[EventType "tourn (corr)"]
[EventRounds "6"]
[EventCountry "GER"]
[SourceTitle "Corr 2022"]
[Source "ChessBase"]
[SourceDate "2021.10.24"]
[SourceVersion "1"]
[SourceVersionDate "2021.10.24"]
[SourceQuality "1"]

1. d4 Nf6 2. Nf3 d6 3. Bf4 Nbd7 4. e3 c6 5. h3 Qb6 6. Qc1 h6 7. Nbd2 g5 8. Bg3 Bg7 9. Bd3 Nf8 10. a4 c5 11. a5 Qc7 12. c3 Bd7 13. dxc5 Qxc5 14. Qc2 Ne6 15. Nd4 Nxd4 16. exd4 Qc7 17. 0-0 0-0 18. Rfe1 Rfe8 19. Ne4 Nd5 20. Qd1 Nf4 21. Bxf4 gxf4 22. d5 e5 23. g4 fxg3 24. Nxg3 Bxh3 25. Bf5 Bxf5 26. Nxf5 Qd8 27. Qf3 Qf6 28. Kh1 Kh8 29. Ra4 Rg8 30. Rg4 Bf8 31. Rxg8+ Kxg8 32. Rg1+ Kh8 33. Qd3 b5 34. Qg3 Qg5 35. Qh3 Qf6 36. a6 Rb8 37. Rg3 Ra8 38. Kg1 Re8 39. Qh5 Rd8 40. Kg2 Kh7 41. Qg4 Qg5 42. Qf3 Qf4 43. Qh5 Qe4+ 44. f3 Qxd5 45. Kh1 Qc4 46. Nd4 exd4 0-1

[Event "BI-2014-P-0000"]
[Site "LSS email"]
[Date "2014.04.19"]
[Round "?"]
[White "Cardoso, Sergio"]
[Black "Gorra, Gorban Grigorii"]
[Result "1-0"]
[WhiteElo "2139"]
[BlackElo "1860"]
[PlyCount "103"]
[EventDate "2014.04.25"]
[EventType "tourn (corr)"]
[EventRounds "10"]
[EventCountry "GER"]
[SourceTitle "Corr 2022"]
[Source "ChessBase"]
[SourceDate "2021.10.24"]
[SourceVersion "1"]
[SourceVersionDate "2021.10.24"]
[SourceQuality "1"]

1. e4 d6 2. d4 Nf6 3. Bd3 e5 4. c3 Nbd7 5. Nf3 Be7 6. 0-0 0-0 7. h3 c6 8. Nbd2 Re8 9. Re1 Bf8 10. Qc2 Qc7 11. Nf1 b6 12. Bg5 h6 13. Be3 d5 14. dxe5 Nxe4 15. Bxe4 dxe4 16. Qxe4 Ba6 17. Ng3 Rad8 18. Kh1 Nxe5 19. Bf4 f6 20. Bxe5 fxe5 21. Rad1 Rxd1 22. Rxd1 Bc8 23. Kg1 c5 24. Nf5 Qf7 25. Ne3 Bb7 26. Nd5 Bd6 27. c4 Rf8 28. b3 Bb8 29. a4 Ba8 30. Rd2 Bxd5 31. Qxd5 Re8 32. Qe4 Qf4 33. Qxf4 exf4 34. Rd7 Kh7 35. Kf1 Kg6 36. a5 Rc8 37. a6 Kf6 38. Nd2 Re8 39. Rb7 Ke5 40. Nb1 g5 41. Ke2 h5 42. Nc3 g4 43. f3 Kf5+ 44. Kf2 g3+ 45. Kf1 h4 46. Nb5 Rd8 47. Ke2 Re8+ 48. Kd2 Rd8+ 49. Kc1 Re8 50. Nxa7 Bxa7 51. Rf7+ Kg5 52. Rxa7 1-0

[Event "BI-2014-P-0000"]
[Site "LSS email"]
[Date "2014.04.19"]
[Round "?"]
[White "Gorra, Gorban Grigorii"]
[Black "Ikonomopoulos, Ilias"]
[Result "1-0"]
[WhiteElo "1860"]
[BlackElo "800"]
[PlyCount "55"]
[EventDate "2014.04.25"]
[EventType "tourn (corr)"]
[EventRounds "10"]
[EventCountry "GER"]
[SourceTitle "Corr 2022"]
[Source "ChessBase"]
[SourceDate "2021.10.24"]
[SourceVersion "1"]
[SourceVersionDate "2021.10.24"]
[SourceQuality "1"]

1. Nf3 d5 2. g3 Nf6 3. Bg2 c6 4. 0-0 Bg4 5. d3 Nbd7 6. Nbd2 e5 7. Re1 Bd6 8. c3 0-0 9. h3 Bxf3 10. Nxf3 Qc7 11. Nh4 g6 12. e4 Rfe8 13. exd5 Nxd5 14. Qc2 Bf8 15. Nf3 Bg7 16. Bd2 Qd6 17. Rad1 Nc5 18. Ng5 Nb6 19. Bc1 h6 20. Ne4 Nxe4 21. dxe4 Qe6 22. b3 Rad8 23. Be3 h5 24. Re2 Rxd1+ 25. Qxd1 Qe7 26. Rd2 h4 27. gxh4 Qxh4 28. c4 1-0

[Event "BI-2014-P-0000"]
[Site "LSS email"]
[Date "2014.04.19"]
[Round "?"]
[White "Gorra, Gorban Grigorii"]
[Black "Laffont, Jose Eduardo Alfred"]
[Result "1-0"]
[WhiteElo "1860"]
[BlackElo "1622"]
[PlyCount "95"]
[EventDate "2014.04.25"]
[EventType "tourn (corr)"]
[EventRounds "10"]
[EventCountry "GER"]
[SourceTitle "Corr 2022"]
[Source "ChessBase"]
[SourceDate "2021.10.24"]
[SourceVersion "1"]
[SourceVersionDate "2021.10.24"]
[SourceQuality "1"]

1. Nf3 Nf6 2. g3 g6 3. Bg2 Bg7 4. 0-0 0-0 5. d3 d5 6. Re1 c5 7. Nbd2 Nc6 8. e4 dxe4 9. dxe4 Qc7 10. c3 Re8 11. a4 Rd8 12. e5 Nd5 13. e6 Bxe6 14. Rxe6 fxe6 15. Qe2 Ne5 16. Ng5 Qd7 17. f4 Bf6 18. Nge4 Nf7 19. Nxc5 Qc8 20. Nde4 e5 21. fxe5 Bxe5 22. a5 Qc6 23. a6 b5 24. Nb7 Rf8 25. Kh1 e6 26. Nec5 Rac8 27. Be3 Rfe8 28. Bg1 Re7 29. Ra5 Qe8 30. Ne4 Qc6 31. Bf3 Rce8 32. Bc5 Rc7 33. Qxb5 Qxb5 34. Rxb5 Ra8 35. Na5 Rcc8 36. Rb7 Nd8 37. b4 Bxc3 38. Nxc3 Nxc3 39. Rxa7 Rxa7 40. Bxa7 Nb5 41. Bc5 Rc7 42. Be2 Rxc5 43. bxc5 Na7 44. Bf3 Kf8 45. c6 Nb5 46. Be2 Nc7 47. a7 Nf7 48. Ba6 1-0

[Event "BI-2014-P-0000"]
[Site "LSS email"]
[Date "2014.04.19"]
[Round "?"]
[White "Owens, Johnny"]
[Black "Gorra, Gorban Grigorii"]
[Result "1/2-1/2"]
[WhiteElo "2004"]
[BlackElo "1860"]
[PlyCount "79"]
[EventDate "2014.04.25"]
[EventType "tourn (corr)"]
[EventRounds "10"]
[EventCountry "GER"]
[SourceTitle "Corr 2022"]
[Source "ChessBase"]
[SourceDate "2021.10.24"]
[SourceVersion "1"]
[SourceVersionDate "2021.10.24"]
[SourceQuality "1"]

1. d4 Nf6 2. Nf3 d6 3. c3 Nbd7 4. Bg5 e5 5. Nbd2 Be7 6. Qc2 h6 7. Bh4 Nh5 8. Bxe7 Qxe7 9. e3 g6 10. h3 Nhf6 11. Bd3 Kf8 12. 0-0 b6 13. a4 a5 14. Rfe1 Kg7 15. Rad1 Bb7 16. e4 Nh5 17. g3 Nhf6 18. Bb5 Nf8 19. Re2 N8h7 20. Qd3 c6 21. Bc4 Ng5 22. h4 Nxf3+ 23. Qxf3 Rad8 24. Qd3 Bc8 25. Rde1 Qc7 26. Kg2 Qd7 27. Rh1 exd4 28. cxd4 d5 29. exd5 cxd5 30. Bb5 Qd6 31. Rhe1 Bg4 32. Re5 Rc8 33. Qb3 Bf5 34. Nf1 Bc2 35. Qa3 Qxa3 36. bxa3 Rc3 37. R1e3 Rhc8 38. Rxc3 Rxc3 39. Re3 Rc7 40. f3 1/2-1/2

[Event "BI-2013-F-0005"]
[Site "LSS email"]
[Date "2014.02.21"]
[Round "?"]
[White "Gorra, Gorban Grigorii"]
[Black "Keevil, Paul"]
[Result "1/2-1/2"]
[WhiteElo "1772"]
[BlackElo "2083"]
[PlyCount "72"]
[EventDate "2014.02.27"]
[EventType "tourn (corr)"]
[EventRounds "10"]
[EventCountry "GER"]
[SourceTitle "Corr 2015"]
[Source "ChessBase"]
[SourceDate "2015.07.17"]
[SourceVersion "1"]
[SourceVersionDate "2015.07.17"]
[SourceQuality "1"]

1. Nf3 Nf6 2. g3 d5 3. Bg2 c5 4. 0-0 Nc6 5. d3 g6 6. Nbd2 Bg7 7. e4 dxe4 8. dxe4 0-0 9. c3 h6 10. Qe2 e5 11. Nc4 Qc7 12. Ne3 Be6 13. Nd2 Rad8 14. f4 exf4 15. gxf4 Kh7 16. Ndc4 b5 17. Nd2 a6 18. e5 Nh5 19. f5 Bxe5 20. Bxc6 gxf5 21. Qxh5 Qxc6 22. Nf3 Rg8+ 23. Kf2 Qe4 24. Nxe5 Rg5 25. Qh3 Qxe5 26. Nc4 Qf6 27. Bxg5 Qxg5 28. Qg3 Bxc4 29. Qxg5 hxg5 30. Rfd1 Bd3 31. a4 c4 32. axb5 axb5 33. Ra5 Rb8 34. b4 Kg6 35. Ra6+ f6 36. Re1 Be4 1/2-1/2

[Event "BI-2013-F-0005"]
[Site "LSS email"]
[Date "2014.02.21"]
[Round "?"]
[White "Hoehne, Volkmar"]
[Black "Gorra, Gorban Grigorii"]
[Result "1/2-1/2"]
[WhiteElo "1832"]
[BlackElo "1772"]
[PlyCount "54"]
[EventDate "2014.02.27"]
[EventType "tourn (corr)"]
[EventRounds "10"]
[EventCountry "GER"]
[SourceTitle "Corr 2015"]
[Source "ChessBase"]
[SourceDate "2015.07.17"]
[SourceVersion "1"]
[SourceVersionDate "2015.07.17"]
[SourceQuality "1"]

1. e4 d6 2. d4 Nf6 3. Nc3 e5 4. Nf3 Nbd7 5. Bc4 Be7 6. 0-0 0-0 7. Re1 c6 8. a4 a5 9. h3 Nb6 10. Bb3 Nfd7 11. Be3 exd4 12. Nxd4 Nc5 13. Qf3 Nxb3 14. cxb3 Nd7 15. Rad1 Ne5 16. Qe2 Bf6 17. f4 Ng6 18. Nf3 Qe7 19. Qf2 Rd8 20. Re2 h6 21. Red2 Bxc3 22. bxc3 Qxe4 23. Re1 Qf5 24. g4 Qf6 25. f5 Ne5 26. Bd4 c5 27. Bxe5 dxe5 1/2-1/2